| 000 | 01413cam a22003857a 4500 | ||
|---|---|---|---|
| 003 | CHAP | ||
| 005 | 20220329142848.0 | ||
| 008 | 040928d2003 mx ab r 00110 spa d | ||
| 010 | _a88865 | ||
| 011 | _a89837 | ||
| 020 | _a9688849413 | ||
| 035 | _a100388 | ||
| 040 | _cCHAP | ||
| 082 | 0 | 4 |
_a551.5 _bM62 |
| 100 | 0 | 0 |
_aMonterroso Rivas, Alejandro Ismael _977837 |
| 245 | 1 | 0 |
_aEscenarios climáticos de la República Mexicana ante el cambio climático _c/por Alejandro Ismael Monterroso Rivas y Jesús Davida Gómez Díaz |
| 260 |
_aChapingo, Mex. : _bUACH. Departamento de Suelos, _c2003. |
||
| 300 |
_a170 p. : _bilus. ; mapas |
||
| 590 |
_aBATCH-UPD _b10 _c20130110 _lUCH01 _h0335 |
||
| 590 |
_aBATCH-UPD _b10 _c20130110 _lUCH01 _h1921 |
||
| 590 |
_aBATCH-UPD _b10 _c20130410 _lUCH01 _h0008 |
||
| 590 |
_aBATCH-UPD _b10 _c20130914 _lUCH01 _h0822 |
||
| 590 |
_aCONVERSION _b10 _c20130109 _lUCH01 _h1349 |
||
| 650 | 1 | 4 |
_aCambios climáticos. _917792 |
| 650 | 1 | 4 |
_aClima _xMéxico. _923835 |
| 650 | 1 | 4 |
_aClimatología. _923864 |
| 650 | 1 | 4 |
_aClimatología _xMapas. _923867 |
| 700 | 0 | 0 |
_aGómez Díaz, Jesús David. _949677 |
| 710 | 0 | 0 |
_aComisión Nacional de las Zonas Aridas. México. _925797 |
| 901 | _aBK | ||
| 905 | _aAlejandra Carrasco M. | ||
| 942 | _cLIBRO | ||
| 949 |
_a551.5 M62 _bBC _cLIBRO _d33724000796918 _eLIBRO _h104665 _i100388 _so |
||
| 949 |
_a551.5 M62 _bBC _cUACH _d1003882 _eUACH _fc.2 _h104666 _i100388 _sb |
||
| 999 |
_c88865 _d88865 |
||